Mammals of the collins-day South American expedition (Registro nro. 10370)

Detalles MARC
000 -CABECERA
Campo de control 004720000a22001570004500
090 ## - CLASIFICACIÓN LOCAL
Colección AR
Consecutivo 01285
041 0# - IDIOMA
Código de idioma para texto/pista de sonido o título separado
100 1# - ASIENTO PRINCIPAL--NOMBRE PERSONAL
Nombre personal Osgood, Wilfred H.
245 10 - MENCION DE TITULO
Título Mammals of the collins-day South American expedition
650 14 - ASIENTO SECUNDARIO DE MATERIA - TERMINO TEMATICO
Término temático o nombre geográfico como elemento de entrada Mamíferos
650 14 - ASIENTO SECUNDARIO DE MATERIA - TERMINO TEMATICO
Término temático o nombre geográfico como elemento de entrada Colecciones biológicas
650 14 - ASIENTO SECUNDARIO DE MATERIA - TERMINO TEMATICO
Término temático o nombre geográfico como elemento de entrada Expediciones científicas
651 #4 - ASIENTO SECUNDARIO DE MATERIA - NOMBRE GEOGRAFICO
-- América del Sur
773 1# - Item fuente:
Título Zoological series
Especificación de materiales 472
Descripción física 14
Paginas del Articulo 199-218
Lugar, editorial y fecha de publicación 1916
Información sobre la relación 10
942 ## - ELEMENTOS ADICIONALES (KOHA)
Tipo de ítem Artículo
Existencias
Withdrawn status Lost status Damaged status No para préstamo Colección Ubicación Permanente Ubicación actual Fecha de adquisición Fuente de Valor Datos de publicación Seriada Total Checkouts Número topográfico Inventario / Código de Barras Date last seen Ejemplar Price effective from Forma de adquisición Tipo de material
      No para Préstamo Hemeroteca Bogotá Bogotá 27/02/2015 Muñoz Saba, Yaneth Fuera de circulación   AR 01285 011626 25/03/2015 1 25/03/2015   Artículo